Equipos de Fútbol de Sudamérica - Estadísticas

Estadísticas generales
  • Esta prueba ha sido intentada 1.386 veces
  • La puntuación promedio es 29 de 50
Estadísticas de respuestas
Imagen Respuesta % Correcto
Boca Juniors
99%
River Plate
99%
Flamengo
96%
Sao Paulo
94%
Colo Colo
93%
Peñarol
93%
Gremio
90%
Nacional
90%
Santos
90%
Barcelona SC
88%
Botafogo
88%
Independiente
87%
Olimpia
87%
Atletico Nacional
85%
America de Cali
79%
Alianza Lima
75%
Universidad de Chile
75%
Bolivar
74%
Cerro Porteño
72%
Liga de Quito
72%
Banfield
71%
Colon
70%
Universitario
69%
The Strongest
67%
Independiente del Valle
66%
Bahia
63%
Once Caldas
63%
Belgrano
61%
Sporting Cristal
61%
Libertad
60%
Deportivo Tachira
59%
Platense
59%
Caracas
56%
Delfín
47%
Ceara
44%
Cobreloa
44%
Cuiaba
35%
Montevideo City
35%
Blooming
34%
Carabobo
30%
Sport Recife
29%
Brown de Adrogué
23%
Chaco For Ever
18%
Boyaca Chicó
15%
Portuguesa
11%
Sport Huancayo
10%
Londrina
6%
Palmaflor
6%
ABC
5%
Guaireña
5%
No se encontraron pruebas coincidentes
Distribución de puntuación
Porcentaje de gente con cada puntuación
Porcentaje por número respondido
Historial de tus puntuaciones
No has intentado esta prueba.